MDQL
is popping MORE tags! Check the
thread
!
Quizzes
Events
Quiz Creation
Community
Videos
Private Events
Remove Ads
Sign In
Join for FREE
Feedback
Dark Mode
Quiz Categories
Sports
Geography
Music
Movies
Television
Just For Fun
Miscellaneous
History
Literature
Language
Science
Gaming
Entertainment
Religion
Holiday
For Kids
Quiz Lab
Recent
Popular Today
Quiz Kudos Today
Editor Picks
Curator Picks
Quizzes by...
Day
Popularity
Type
Ratings
Length
Year
Community
Subscriptions
Recent Discussions
Orange Saloon
Badges
Playlists
Quests
Create
Leaderboards
Showdown
Live 5
Trivia Bingo
Activity
Puzzle Library
Sporcle Events
Private Events
Virtual Trivia
Globe League
Become a Host
Pub Owners
SporcleCon
Opinionation
Our Games
Videos
Blog
Mobile Apps
Partnerships
Remove Ads and Go Orange
Feedback
Sports
Athletes
MLB
NBA
NHL
NFL
Soccer
Sports Teams
WWE
NCAA
Football
Premier League
Basketball
Baseball
Hockey
Golf
Tennis
Cricket
Rugby
Auto Racing
Olympics
World Cup
Sports
Athletes
MLB
NBA
NHL
NFL
Soccer
Sports Teams
WWE
NCAA
Football
Premier League
Basketball
Baseball
Hockey
Golf
Tennis
Cricket
Rugby
Auto Racing
Olympics
World Cup
Random Quiz
Search Sporcle
×
Quiz Lab
Quiz Lab
Sports
Joey
Type in answers that appear in a list
Type in answers that appear in a list
Classic
Best Score? Go Orange.
Joey Votto Facts Stats
Can you name the facts about Joey Votto?
By
ashersky
4m
20 Questions
312 Plays
312 Plays
312 Plays
Comments
Comments
Give Quiz Kudos
Give Quiz Kudos
-
- Ratings
hide this ad
Replay
Link that replays current quiz
Next Quiz
Link to next quiz in quiz playlist
You Got
0%
They Got
Avg Score
73%
Avg Friend Score
Upgrade to see
Score Distribution
Jump to the score distribution portion of the page
Score
0/20
Timer
04:00
0
Plays Today
Hint
Answer
% Correct
Other position played in majors
Left Field
99%
Bats...
Left
98.7%
Other position played in minors
Right Field
98.7%
Throws...
Right
98.4%
Drafted in (round)
2nd
96.2%
Uniform Number (Current)
19
93.6%
Born in (country)
Canada
91.3%
Drafted by...
Cincinnati Reds
91%
Primary position (at all levels)
First Base
90.4%
Debuted in (year)
2007
86.5%
Hint
Answer
% Correct
Drafted in (year)
2002
84.9%
Other position played in minors
Catcher
83.3%
Born in (year)
1983
81.4%
Other position played in minors
Third Base
79.2%
In what year?
2008
56.7%
2009 NL MVP voting finish
22nd
46.8%
Middle Name
Daniel
34.6%
Uniform Number (Debut)
60
32.1%
Led the NL in...
Assists as 1B
23.1%
Drafted out of...
Richview Collegiate Institute
6.4%
Quiz Playlist
Details
Report
Send in Message
Add To Playlist
Classic:
Type in answers that appear in a list
Quiz Source
Last Updated: Feb 16, 2017
Quiz Scoreboard
CHALLENGE
Sign Up to Join the Scoreboard
Show All
Scores
Hide
Comments
May contain spoilers
Recently Published
Image Sorting: Flags VI
by Barbecue
Geography
2m
Find the 'City' Movie
by crazypaving
Movies
60s
Colored Red Africa Blitz
by spor1
Geography
45s
More to Explore
Quiz From the Vault
Featured Blog Post
14 Easter Pick-up Lines to Find Eggs With
hide this ad
You Might Also Like...
Tags
Joey
Today's Top Quizzes in Sports
Browse Sports
hide this ad
Today's Top Quizzes in Joey
Browse Joey
Top Contributed Quizzes in Sports
1
Les meilleurs buteurs des matchs entre le PSG et l’OM
2
Les entraîneurs de l'OM et du PSG au 21e siècle
3
2022 World Cup Stars
4
Les joueurs passés par le PSG et l'OM
5
Players with Multiple 50 Home Run Seasons
6
Criteria MLB: Left Handed Sluggers
7
FIFA Club World Cup Champions
8
Les joueurs passés par le LOSC et le RC Lens
9
NBA Logic Puzzle 2.0
10
Top 10 NHL Goal Scorers of All Time
Explore More
Trending Topics
Marvel
Kpop
Crossword
Harry Potter
NBA
Disney
Anime
Song
WWE
Country
The Office
Puzzle
Pokémon
NFL
Soccer
hide this ad
More By:
ashersky
Quiz
Plays
Rating
Category
Featured
Created
Reds Homerun leaders 2000-2009
510
4.75
Sports
Aug 3, 2010
Retired Cincinnati Reds numbers
349
5.00
Sports
Jun 10, 2010
Joey Votto Facts
312
5.00
Sports
Jul 6, 2010
Dune Houses Clickable Quiz
250
2.50
Literature
Nov 7, 2016
Most Games Played by Reds by Position
245
4.00
Sports
Jun 21, 2010
Go to Creator's Profile
Score Distribution
Quiz Creator Spotlight
ashersky
Follow
Send a Message
Quizzes Created
-
Created Quiz Play Count
-
More By This Creator
Popular Quizzes Today
1
Colored Red Africa Blitz
2
Find the US States - No Outlines Minefield
3
Find the 'City' Movie
4
5x2 Blitz: Bands
5
The Countries of the World
6
Find the Countries of Europe - No Outlines Minefield
7
Find the US States
8
US States
More Sports Quizzes
MLB Mascot Blitz
Published
Trending Quizzes
Colored Red Europe Blitz I
Colored Red Europe Blitz II
Colored Red Africa Blitz II
Colored Red Europe Blitz III
Colored Red Africa Blitz III
Recently Updated
How Do You Spell That?
pecheneg
Godzilla Movies
pecheneg
Grab Bag: 4-10 Letters
pecheneg
2024 March Madness Bracket
pecheneg
Famous TV Couples
Peacemaker
Champions League XIs: Real Madrid
pecheneg
Largest US Cities 1790-2010
pecheneg
Rides in Walt Disney World
pecheneg
Most Oscar Losses (Acting)
pecheneg
Beyoncé Albums
pecheneg
Trending Topics
Anime
Harry Potter
Crossword
Marvel
Disney
NBA
Kpop
Song
Country
Soccer
NFL
WWE
Puzzle
The Office
Pokémon
Your Account Isn't Verified!
In order to create a playlist on Sporcle, you need to verify the email address you used during registration. Go to your
Sporcle Settings
to finish the process.
Report this User
Report this user for behavior that violates our
Community Guidelines
.
Details:
Send Report
Go to the Sporcle.com Mobile Site →
Comments